{"text_format":"3","workbook":"xls","n_sheets":1,"sheets":["表格_20260724"],"read":"whole","date_system":"1900","formulas":"cached_only"}

{"sheet":"表格_20260724","index":0,"n_rows":24,"n_cols":9,"rows_kept":24,"merged":[[0,0,0,7],[2,0,2,1],[5,0,5,1],[10,0,10,1],[22,0,22,7]],"flags":["formulas_cached_only"]}
["华南理工大学2026年节日食品包装及配套物料报价清单"]
["序号","品名","规格/制作要求","单位","数量","最高限价（元）","含税报价（元）","备注"]
["一、设计服务类"]
[1,"基础设计费（已生成）","采购方现有完整成型基础设计稿，全额计入报价结算","项",1,2000,null,"报价统一填2000元",2000]
[2,"后续设计尺寸定稿服务费","在原有基础稿上调整尺寸、修改图纸直至定稿确认","项",1,600,null,"可报0元，不得超过600元"]
["二、定制包装类",{"$nulls":7},0]
[3,"通用月饼包装盒（含手提袋）","按确认图纸生产，每套含外盒 + 配套手提袋，月饼盒材质：加厚纸板1mm+金卡内衬 工艺：375g银卡UV印刷 过哑膜；手提袋材质：250g白卡纸彩色印刷过哑膜","套",4000,17.5,null,null,70000]
[4,"八粒装内衬套装","按确认图纸生产，每套含：8 个 8.5*8.5*6CM 小盒、8个 50# 广益牌脱氧剂、8个 14*12CM KOP 袋、8 个方形月饼金托（上口径7.5CM / 下口径6CM / 高3CM）、八粒装底托；内盒材质：350g白卡纸彩色印刷过哑膜，内托材质：金卡纸+2mm白瓦楞","套",3000,5.8,null,null,17400]
[5,"六粒装内衬套装","按确认图纸生产，每套含：6 个 8.5*8.5*6CM 小盒、6个50# 广益牌脱氧剂、6个 14*12CM KOP 袋、6 个方形月饼金托（上口径 7.5CM / 下口径 6CM / 高 3CM）、六粒装底托；内盒材质：350g白卡纸彩色印刷过哑膜，内托材质：金卡纸+2mm白瓦楞","套",1500,5.8,null,null,8700]
[6,"四粒装内衬套装","按确认图纸生产，每套含：4 个 9.5*9.5*6CM 小盒、4个100# 广益牌脱氧剂、4个16*14CM KOP 袋、4 个方形月饼金托（上口径 9CM / 下口径 7.5CM / 高 3.5CM）、四粒装底托；内盒材质：350g白卡纸彩色印刷过哑膜，内托材质：金卡纸+2mm白瓦楞","套",1000,5.8,null,null,5800]
["三、配套辅材类",{"$nulls":7},0]
[7,"月饼快递盒","45*11*31CM，侧边开口，五层加厚瓦楞材质","个",1500,{"v":2.9362000000000004,"d":"2.94"},null,null,4404.3]
[8,"粽子快递盒","39*13*30CM，侧边开口，五层加厚瓦楞材质","个",500,{"v":2.809,"d":"2.81"},null,null,1404.5]
[9,"粽子包装盒","36*11*27CM，按校方样板生产","个",1200,{"v":4.134,"d":"4.13"},null,null,4960.8]
[10,"气泡膜","40CM*80M，双层加厚","卷",20,{"v":42.400000000000006,"d":"42.40"},null,null,848.0000000000001]
[11,"加头月饼金托","四方形，上口径 9CM / 下口径 7.5CM / 高 3.5CM，食品级材质","个",3000,{"v":0.10600000000000001,"d":"0.11"},null,null,318.00000000000006]
[12,"足斤款月饼金托","四方形，上口径 8CM / 下口径 6.5CM / 高 3.5CM，食品级材质","个",2000,{"v":0.0954,"d":"0.10"},null,null,190.8]
[13,"外卖款月饼金托","四方形，上口径 8CM / 下口径 6.5CM / 高 3CM，食品级材质","个",5000,{"v":0.0954,"d":"0.10"},null,null,477]
[14,"月饼 KOP 袋","16*14CM，食品级材质","个",10000,{"v":0.0848,"d":"0.08"},null,null,848]
[15,"50# 脱氧剂","广益牌，食品级","个",5000,{"v":0.07420000000000002,"d":"0.07"},null,null,371.00000000000006]
[16,"100# 脱氧剂","广益牌，食品级","个",3000,{"v":0.0954,"d":"0.10"},null,null,286.2]
[null,"合计总价（元）","---","---","---","---"]
["备注：全部货物须在2026年8月25日前制作完成；外包装箱按每箱10套进行装箱配送。"]
["报价单位（盖章）：___________   联系人：___________   联系电话：___________   报价日期：___________"]